000 00369nam a22001457a 4500
008 230227b |||||||| |||| 00| 0 eng d
020 _a978-1-4722-2382-1
082 _a813.54
100 _aMaggie O'Farrell
245 _aHamnet
_cMaggie O'Farrell
260 _bTinder Press
_c2020
300 _a372 p.
_c20 cm
942 _2ddc
999 _c9328
_d9329